Countries that have ever defeated Russia in a war - Statistics

General Stats
  • This quiz has been taken 65 times
    59 since last reset
  • The average score is 13 of 19
Answer Stats
Year Country % Correct
1856 United Kingdom
100%
1918 Germany
96%
1022,1183,1583,1618,1634,1921 Poland/Poland-Lithuania
92%
1713,1856,1918 Turkey
92%
1806,1807,1856 France
90%
1905 Japan
88%
1476,1583,1617,1658 Sweden
88%
1918 Austria-Hungary
84%
1240 Mongolia
78%
1989 Afghanistan
76%
1583 Denmark-Norway
76%
1920 Estonia
65%
1920 Latvia
63%
1919 Lithuania
63%
1918 Bulgaria
59%
1996 Chechnya
35%
941,971,1024,1043 Byzantine Empire
29%
1293,1382 Golden Horde
18%
1856 Sardinia
18%
No matching quizzes found
Score Distribution
Percent of People with Each Score
Percentile by Number Answered
Your Score History
You have not taken this quiz since the last reset